Carregant...
The Elizabethan world picture
| Autor principal: | |
|---|---|
| Format: | Printed Book |
| Idioma: | English |
| Publicat: |
London :
chatto and windus ,
c1967.
|
| LEADER | 00431nam a22001217a 4500 | ||
|---|---|---|---|
| 008 | 170525b xxu||||| |||| 00| 0 eng d | ||
| 100 | |a Tillyard, E.M.W | ||
| 245 | |a The Elizabethan world picture | ||
| 260 | |a London : |b chatto and windus , |c c1967. | ||
| 300 | |b 108p. | ||
| 942 | |c BK | ||
| 999 | |c 200450 |d 200450 | ||
| 952 | |0 0 |1 0 |4 0 |6 820_900000000000000_TIL_E |7 0 |9 221845 |a ENG |b ENG |c ST1 |d 2017-05-25 |i 3603 |l 0 |o 820.9 TIL/E |p ENG3603 |r 2017-05-25 |w 2018-08-21 |y BK | ||